000 00742nam a22002057a 4500
999 _c16298
_d16298
003 AR-CdUCM
008 190503b ||||| |||| 00| 0 spa d
040 _aMUNICIPALIDAD PROVINCIAL DEL CUSCO
_cBIBLIOTECA MUNICIPAL DEL CUSCO
082 _a025.32 /
_bR74
100 _aRodríguez Jiménez, Oswaldo
_913634
245 _aCatalogación del patrimonio artístico religioso 1950-1994 /
260 _aCusco :
_bInst. Nacional de Cultura,
_c1994.
300 _a63 páginas ;
_bFotografías,
_c19 cm.
505 _aContenido: Patrimonio artístico religioso del Cusco.
650 _aPatrimonio artístico
_935661
650 _aPatrimonio religioso
_935662
650 _aArte del Cusco
_935663
942 _2ddc
_cLIBROS
945 _adavv
_d03/05/2019